00593pab a2200193 454500008004000000100002000040245006900060260000900129300001200138362000800150650003200158650003200190650003900222650003900261650003700300650002000337700001800357773002400375180718b2010 xxu||||| |||| 00| 0 eng d aGill, Kanwaljit aEconomic reforms and gender differentials in employment in India c2010 ap.1-12. aJun aEmployment - India - Kerala aEmployment - India - Punjab aWomens employment - India - Punjab aWomens employment - India - Kerala aEconomic reform - India - Kerala aEconomic reform aKaur, Navjeet aMan and Development